000 00505nam a2200169Ia 4500
008 260520s2025 xx 000 0 und d
020 _a978-93-90081-22-6
041 _amar
082 _a657.45/JOS
100 _aजोशी, वैशाली
245 _aसामाजिक लेखापरीक्षण
250 _a1st ed
260 _aपुणे
_bडायमंड पब्लिकेशन्स
_c2025
300 _a198p.
500 _aCat No: 14979
650 _aMANAGEMENT
999 _c1221785
_d1221785